Konštrukčný návrh pedálovej sústavy športového elektromobilu

Salvato in:
Dettagli Bibliografici
Autore principale: Šlauka, Michal (Autore)
Altri autori: Bucha, Jozef (Relatore della tesi)
Natura: Manoscritto Libro
Lingua:slovacco
Pubblicazione: 2015
Soggetti:
Accesso online:http://is.stuba.sk/zp/portal_zp.pl?podrobnosti=112815
Tags: Aggiungi Tag
Nessun Tag, puoi essere il primo ad aggiungerne!!

MARC

LEADER 00000ntm a22000003a 4500
001 stuzp52593
003 SK-STU
005 20160719154224.2
007 ta
008 150427s2015----xo-----f-mn---000-0-slo-d
040 |a STU  |b slo 
041 0 |a slo 
100 1 |a Šlauka, Michal  |u 020030  |4 aut  |U SjF Strojnícka fakulta  |T SjF Ústav dopravnej techniky a konštruovania  |X 44504  |U J0030  |Y 806  |7 A000044504 
242 0 1 |a Design pedal system of electric sport vehicle  |y eng 
245 1 0 |a Konštrukčný návrh pedálovej sústavy športového elektromobilu 
260 |c 2015 
650 4 |a pedálová sústava  |2 slo 
650 4 |a generatívne konštruovanie  |2 slo 
650 4 |a CATIA  |2 slo 
650 4 |a Knowledgeware  |2 slo 
650 4 |a generativne design  |2 eng 
650 4 |a CATIA  |2 eng 
650 4 |a Knowledgeware  |2 eng 
650 4 |a pedal system  |2 eng 
700 1 |a Bucha, Jozef  |4 ths  |X 70878  |7 A000070878 
856 4 |u http://is.stuba.sk/zp/portal_zp.pl?podrobnosti=112815 
996 |b 284J044160  |c J* 2450/DP  |l JJSK  |s A  |a 24  |w stuzp52593_0001 
SQL |a stuzp52593  |b DDP  |c SLO  |d Konštrukčný návrh pedálovej sústavy športového elektromobilu  |e 44504  |f Šlauka, Michal  |g 020030  |h 70878  |i Bucha, Jozef  |j 20150618  |k 52  |l 02  |m http://is.stuba.sk/zp/portal_zp.pl?podrobnosti=112815  |n I-ALSM  |o 5.2.4. motorové vozidlá, koľajové vozidlá, lode a lietadlá